Managing global organizations : (Record no. 25642)
[ view plain ]
| 000 -LEADER | |
|---|---|
| fixed length control field | 00889nam a22002417a 4500 |
| 005 - DATE AND TIME OF LATEST TRANSACTION | |
| control field | 20140310183633.0 |
| 008 - FIXED-LENGTH DATA ELEMENTS--GENERAL INFORMATION | |
| fixed length control field | 131122b xxu||||| |||| 00| 0 eng d |
| 020 ## - INTERNATIONAL STANDARD BOOK NUMBER | |
| International Standard Book Number | 9781847205957 |
| 050 ## - LIBRARY OF CONGRESS CALL NUMBER | |
| Classification number | HD 62.4 |
| Item number | .B575 2012 |
| 100 ## - MAIN ENTRY--PERSONAL NAME | |
| Personal name | Bhagat, Rabi S.. |
| 245 ## - TITLE STATEMENT | |
| Title | Managing global organizations : |
| Remainder of title | a cultural perspective / |
| Statement of responsibility, etc | Rabi S Bhagat, Harry Charalambos Triandis, Annette S McDevitt. |
| 260 ## - PUBLICATION, DISTRIBUTION, ETC. (IMPRINT) | |
| Place of publication, distribution, etc | Cheltenham, UK ; Northampton, MA : |
| Name of publisher, distributor, etc | Edward Elgar, |
| Date of publication, distribution, etc | 2012. |
| 300 ## - PHYSICAL DESCRIPTION | |
| Extent | xvii, 343 p. : |
| Other physical details | ill. ; |
| Dimensions | 24 cm. |
| 504 ## - BIBLIOGRAPHY, ETC. NOTE | |
| Bibliography, etc | Includes Bibliographic References and Index. |
| 521 ## - TARGET AUDIENCE NOTE | |
| Target audience note | |
| 650 ## - SUBJECT ADDED ENTRY--TOPICAL TERM | |
| Topical term or geographic name as entry element | Management |
| General subdivision | Cross-cultural studies. |
| 650 ## - SUBJECT ADDED ENTRY--TOPICAL TERM | |
| Topical term or geographic name as entry element | International business enterprises |
| General subdivision | Management. |
| 650 ## - SUBJECT ADDED ENTRY--TOPICAL TERM | |
| Topical term or geographic name as entry element | Organizational behavior |
| General subdivision | Cross-cultural studies. |
| 700 ## - ADDED ENTRY--PERSONAL NAME | |
| Personal name | Triandis, Harry C. |
| 700 ## - ADDED ENTRY--PERSONAL NAME | |
| Personal name | Annette S. McDevitt. |
| 942 ## - ADDED ENTRY ELEMENTS (KOHA) | |
| Source of classification or shelving scheme | Library of Congress Classification |
| Koha item type | Books |
| Call number prefix | Foreign |
| Withdrawn status | Lost status | Source of classification or shelving scheme | Damaged status | Home library | Current library | Shelving location | Date acquired | Total Checkouts | Full call number | Barcode | Date last seen | Date checked out | Copy number | Price effective from | Koha item type |
|---|---|---|---|---|---|---|---|---|---|---|---|---|---|---|---|
| Library of Congress Classification | College Library | College Library | Reserve Section | 11/22/2013 | 1 | HD 62.4 .B575 2012 | C17148 | 12/06/2019 | 12/06/2019 | 1 | 11/22/2013 | Books |